000 00319cam a22001097a 4500
008 180718b1976 xxu||||| |||| 00| 0 eng d
082 _aG2 S15/76
100 _aS.L. Shakdher, editor
245 _aThe Commonwealth Parliaments
_ced. by Shakdher, S.L.
260 _aNew Delhi
_bLok Sabha Secretariat
_c1976
300 _a287+p.
999 _c491256
_d491256